| 000 | 00846nam a22002297a 4500 | ||
|---|---|---|---|
| 999 |
_c5782 _d5782 |
||
| 001 | 5782 | ||
| 003 | BD-JhCC | ||
| 005 | 20171221192923.0 | ||
| 008 | 171218s1969 bg |||| ||a| 000 0 ben d | ||
| 035 | _a(BD-JhCC)5782 | ||
| 040 |
_aBD-JhCC _dBD-JhCC |
||
| 041 | _aben | ||
| 082 |
_a338.476292 _bFAN 1969 |
||
| 100 | _aফ্যানিং, লিওনার্দ এম | ||
| 245 |
_aকালের চাকা গাড়ীর চাকা / _cলিওনার্দ এম ফ্যানিং; এ. কে. এম. মহীউদ্দীন (অনুবাদ) |
||
| 260 |
_aঢাকা : _bখোশরোজ কিতাব মহল, _c1959. |
||
| 300 |
_a65 p. : _c22 cm. |
||
| 650 | _aAutomobile Industry and Trade | ||
| 700 | _aমহীউদ্দীন, এ. কে. এম. | ||
| 942 |
_2ddc _cBK |
||